| 000 | 00436nam a2200169Ia 4500 | ||
|---|---|---|---|
| 003 | GCL | ||
| 008 | 140319s9999 xx 000 0 eng d | ||
| 040 |
_aGCL / _cGCL |
||
| 082 | 0 | 4 |
_a745.6 _bC I |
| 100 | 1 | _aCARTER, PATRICIA | |
| 245 | 1 | 0 |
_aILLUMINATED DESIGNS / _cCARTER, PATRICIA |
| 260 |
_a[S.N] : _bSEARCH PRESS LTD ، _c1994 |
||
| 300 | _a64 | ||
| 650 | 0 | 4 | _aILLUMINATION DESIGN |
| 650 | 0 | 4 | _aCALLIGRAPHY DESIGN |
| 942 |
_2ddc _cBK |
||
| 999 |
_c25253 _d25253 |
||